[Event "Euro Online U2300 Day 2"]
[Site "chess.com INT"]
[Date "2020.05.26"]
[Round "7"]
[White "Kacprzak, Kacper"]
[Black "Papakonstantinou, Dimitrios1"]
[Result "1-0"]
[WhiteElo "1977"]
[BlackElo "2250"]
[WhiteFideId "21819319"]
[BlackFideId "4218655"]
[EventDate "2020.05.26"]

1. e4 e5 2. Nf3 Nc6 3. Bc4 Bc5 4. d3 Nf6 5. c3 O-O 6. Bb3 h6 7. Nbd2 d5 8. Qe2
Re8 9. h3 b6 10. Ba4 Qd7 11. b4 Bf8 12. O-O Bb7 13. Bb2 Rad8 14. Bb3 Ba6 15. b5
Bxb5 16. exd5 Nxd5 17. Bxd5 Qxd5 18. c4 Qxd3 19. Qxd3 Rxd3 20. cxb5 Nb4 21. Rac1
Bd6 22. Ne4 f5 23. Nxd6 cxd6 24. a3 Rb3 25. axb4 Rxb2 26. Rc7 Rxb4 27. Rxa7 Rxb5
28. Rd7 Rf8 29. Rxd6 Rb8 30. Re1 e4 31. Nd4 Rc5 32. g4 fxg4 33. hxg4 b5 34. Ne6
Re5 35. f4 1-0

[Event "Euro Online U2300 Day 2"]
[Site "chess.com INT"]
[Date "2020.05.26"]
[Round "7"]
[White "Rabatin, Jakub"]
[Black "Rogule, Laura"]
[Result "1-0"]
[WhiteTitle "FM"]
[BlackTitle "WGM"]
[WhiteElo "2271"]
[BlackElo "2297"]
[WhiteFideId "329517"]
[BlackFideId "11601876"]
[EventDate "2020.05.26"]

1. d4 d5 2. c4 e6 3. Nc3 Nf6 4. Nf3 c6 5. Bg5 h6 6. Bh4 dxc4 7. e4 g5 8. Bg3 b5
9. Be2 a6 10. O-O Bb7 11. Qc2 c5 12. d5 Nbd7 13. dxe6 fxe6 14. e5 Nd5 15. Qg6+
Ke7 16. Nxg5 hxg5 17. Qxg5+ Kf7 18. Bh5+ Rxh5 19. Qxh5+ Kg7 20. Qg4+ Kh8 21.
Qxe6 Nxc3 22. bxc3 Qe7 23. Qg4 Bg7 24. f4 Re8 25. Rad1 Nb6 26. Rd6 Nd5 27. Rd7
Qf8 28. Rxb7 Nxc3 29. Rxg7 Qxg7 30. Qh5+ Qh7 31. Qxe8+ Qg8 32. Qxg8+ Kxg8 33. e6
Nxa2 34. f5 c3 35. f6 c2 36. f7+ 1-0

[Event "Euro Online U2300 Day 2"]
[Site "chess.com INT"]
[Date "2020.05.26"]
[Round "7"]
[White "Gheorghiu, Calin"]
[Black "Tereladze, Sopiko"]
[Result "1-0"]
[WhiteTitle "FM"]
[BlackTitle "WIM"]
[WhiteElo "2283"]
[BlackElo "2141"]
[WhiteFideId "1200305"]
[BlackFideId "13600486"]
[EventDate "2020.05.26"]

1. e4 e5 2. Nf3 Nc6 3. Nc3 Nf6 4. d4 exd4 5. Nxd4 Bb4 6. Nxc6 bxc6 7. Bd3 O-O 8.
O-O d5 9. exd5 cxd5 10. h3 c6 11. Qf3 Be7 12. Bf4 Be6 13. Ne2 h6 14. Ng3 Nd7 15.
Rfe1 Bg5 16. c3 Bxf4 17. Qxf4 Qg5 18. Qxg5 hxg5 19. Bf5 Nc5 20. b4 Bxf5 21. Nxf5
Ne6 22. Re3 Rfe8 23. Rae1 Kf8 24. g3 g6 25. Nd6 Re7 26. c4 Rd8 27. c5 Rdd7 28.
Kg2 Rc7 29. Kf1 Nd8 30. Rxe7 Rxe7 31. Rxe7 Kxe7 32. Nc8+ Kd7 33. Nxa7 Kc7 34. b5
cxb5 35. Nxb5+ Kc6 36. Nc3 Kxc5 37. Ke2 Nc6 38. Kd3 Nb4+ 39. Kd2 Kc4 40. a4 Na6
41. Nb5 f5 42. Nd6+ Kc5 43. Nc8 Kd4 44. Ne7 Ke5 45. Nxg6+ Kf6 46. Nf8 Ke7 47.
Nh7 g4 48. h4 Nc5 49. h5 Nxa4 50. h6 Kf7 51. Ng5+ Kg6 52. Kd3 Nc5+ 53. Kd4 Nd7
54. h7 Kg7 55. Kxd5 f4 56. gxf4 Nf6+ 57. Ke6 Nh5 58. f5 Nf4+ 59. Kd7 Nd5 60. Ke6
Nf4+ 61. Ke5 Nd3+ 62. Kd4 Nf4 63. Ne6+ 1-0

[Event "Euro Online U2300 Day 2"]
[Site "chess.com INT"]
[Date "2020.05.26"]
[Round "7"]
[White "Dudin, Gleb"]
[Black "Ogloblin, Nikolay"]
[Result "0-1"]
[WhiteTitle "FM"]
[BlackTitle "IM"]
[WhiteElo "2387"]
[BlackElo "2346"]
[WhiteFideId "34184934"]
[BlackFideId "4139658"]
[EventDate "2020.05.26"]

1. d4 Nf6 2. c4 e6 3. Nc3 Bb4 4. e3 Bxc3+ 5. bxc3 Nc6 6. Bd3 b6 7. e4 e5 8. Be3
d6 9. Nf3 O-O 10. O-O Qe7 11. Nd2 Ng4 12. Qe2 Nxe3 13. Qxe3 Qf6 14. Nb3 a5 15.
a4 Re8 16. Rad1 Bd7 17. Bb1 Qf4 18. Qe2 f5 19. Rfe1 exd4 20. cxd4 Re7 21. g3 Qh6
22. f4 fxe4 23. Bxe4 Rae8 24. Bd5+ Kh8 25. Qf2 Qf6 26. Rxe7 Rxe7 27. Bf3 Nb4 28.
Ra1 Qe6 29. d5 Qe3 30. Nd4 Qxf2+ 31. Kxf2 Nd3+ 32. Kf1 Nc5 33. Kf2 g6 34. Bd1
Re4 35. Nf3 Rxc4 36. Be2 Rc2 37. Ke3 Bxa4 38. Nd4 Rb2 39. Re1 Bd7 40. h4 Kg8 41.
h5 a4 42. hxg6 hxg6 43. Bd3 Kg7 44. g4 a3 45. g5 a2 46. Rh1 Nxd3 47. Kxd3 Rb1 0-1

[Event "Euro Online U2300 Day 2"]
[Site "chess.com INT"]
[Date "2020.05.26"]
[Round "7"]
[White "Materia, Marco"]
[Black "Sergeev, Nikita S."]
[Result "0-1"]
[WhiteTitle "FM"]
[WhiteElo "2269"]
[BlackElo "1335"]
[WhiteFideId "45150451"]
[BlackFideId "34253670"]
[EventDate "2020.05.26"]

1. d4 Nf6 2. c4 e6 3. Nf3 c5 4. d5 b5 5. Nc3 b4 6. Na4 d6 7. g3 Be7 8. Bg2 exd5
9. cxd5 O-O 10. O-O Nbd7 11. Re1 Re8 12. e4 Nb6 13. Bf4 Bf8 14. a3 Rxe4 15. Rxe4
Nxe4 16. axb4 cxb4 17. Nd4 Nxa4 18. Rxa4 Nc5 19. Rxb4 a5 20. Nc6 Qd7 21. Rd4 g6
22. Rd2 Bg7 23. Re2 Bf6 24. h4 Ba6 25. Rd2 a4 26. Qf3 Nb3 27. Rc2 Qf5 28. Qe4
Bd3 29. Qxf5 gxf5 30. Ne7+ Bxe7 31. Rc7 Bf8 32. Bf3 Bg7 33. Bh5 Bxb2 34. Bxf7+
Kh8 35. Bxd6 a3 36. Bxa3 Rxa3 37. d6 Be4 38. f3 Bd4+ 39. Kf1 Bxf3 40. Rc1 Ra2
41. Bxb3 Bg2+ 42. Ke1 Bf2+ 43. Kd1 Bf3# 0-1

[Event "Euro Online U2300 Day 2"]
[Site "chess.com INT"]
[Date "2020.05.26"]
[Round "7"]
[White "Kormos, Adam"]
[Black "Bayramov, Zaur"]
[Result "1-0"]
[BlackTitle "FM"]
[WhiteElo "2279"]
[BlackElo "2357"]
[WhiteFideId "730483"]
[BlackFideId "13405080"]
[EventDate "2020.05.26"]

1. e4 g6 2. d4 Bg7 3. Nc3 d6 4. Bg5 Nf6 5. e5 Nfd7 6. exd6 cxd6 7. Nf3 O-O 8.
Qd2 Nc6 9. O-O-O Nf6 10. d5 Nb8 11. Nd4 Nbd7 12. h4 Re8 13. h5 Nxh5 14. Rxh5
gxh5 15. Nf5 Nf6 16. Nxg7 Kxg7 17. Bd3 Rg8 18. Rh1 Kf8 19. Bxf6 exf6 20. Rxh5
Qe7 21. f3 Bd7 22. Qh6+ Rg7 23. Ne4 f5 24. Rg5 f6 25. Rxg7 Qxg7 26. Qxg7+ Kxg7
27. Nxd6 Kg6 28. Nxb7 Kg5 29. Nc5 Rd8 30. Bb5 Bxb5 31. Ne6+ Kh4 32. Nxd8 Kg3 33.
Ne6 Kxg2 34. d6 Bd7 35. Nf8 Bc8 36. Nxh7 Kxf3 37. Nxf6 f4 38. d7 Bxd7 39. Nxd7
Ke3 1-0

[Event "Euro Online U2300 Day 2"]
[Site "chess.com INT"]
[Date "2020.05.26"]
[Round "7"]
[White "Trokhymyshyn, Sergii"]
[Black "Kusa, Jakub"]
[Result "1-0"]
[WhiteElo "2157"]
[BlackElo "2177"]
[WhiteFideId "14135604"]
[BlackFideId "395595"]
[EventDate "2020.05.26"]

1. e4 e5 2. Nf3 Nc6 3. d4 exd4 4. Bc4 Bc5 5. O-O Nf6 6. e5 d5 7. exf6 dxc4 8.
Re1+ Be6 9. fxg7 Rg8 10. Bg5 Qd7 11. Nbd2 Rxg7 12. Nxc4 Be7 13. Bxe7 Qxe7 14.
Nxd4 Qg5 15. g3 O-O-O 16. Nxe6 fxe6 17. Qe2 Nd4 18. Qe4 Qd5 19. Qxd5 exd5 20.
Ne3 Nf3+ 21. Kg2 Nxe1+ 22. Rxe1 d4 23. Nf5 Rf7 24. g4 d3 25. cxd3 Rxd3 26. Re2
Kd7 27. f3 c5 28. Kg3 b5 29. Kf4 c4 30. h4 b4 31. Rc2 c3 32. bxc3 Rxc3 33. Rd2+
Kc6 34. Rd8 a5 35. Kg5 a4 36. Ra8 a3 37. Rb8 Rb7 38. Nd4+ Kb6 39. Rd8 Kc5 40. f4
Kc4 41. Ne6 b3 42. Rd4+ Kb5 43. axb3 a2 44. Ra4 Rxb3 45. Rxa2 Kc4 46. f5 Kd5 47.
Re2 R7b4 48. Nf4+ Kd6 49. Re6+ Kd7 50. h5 Rf3 51. Nd5 Rd4 52. Nf6+ Kd8 53. Kh6
Rg3 54. Kxh7 Rgxg4 55. Nxg4 Rxg4 56. Kh6 Kd7 57. Rg6 Rf4 58. Kg5 Rf1 59. Re6
Rg1+ 60. Kf6 Rh1 61. Kg6 Rg1+ 62. Kf7 Rf1 63. f6 Rh1 64. Re7+ Kd6 65. Re6+ Kd7
66. Re7+ Kd6 67. Kg6 Rg1+ 68. Kf5 Rf1+ 69. Kg5 Rg1+ 70. Kh6 Rf1 71. Kg7 Rg1+ 72.
Kf8 Rh1 73. Rh7 Ke6 74. f7 Kf6 75. Rh6+ Kg5 76. Re6 Kxh5 77. Ke8 1-0

[Event "Euro Online U2300 Day 2"]
[Site "chess.com INT"]
[Date "2020.05.26"]
[Round "7"]
[White "Petriashvili, Nikoloz"]
[Black "Plaksin, Igor"]
[Result "0-1"]
[WhiteTitle "IM"]
[WhiteElo "2423"]
[BlackElo "1868"]
[WhiteFideId "13611216"]
[BlackFideId "34182117"]
[EventDate "2020.05.26"]

1. c4 Nf6 2. d4 g6 3. Nf3 Bg7 4. g3 O-O 5. Bg2 c6 6. Nc3 d5 7. cxd5 cxd5 8. Ne5
Nc6 9. Nxc6 bxc6 10. O-O Ne4 11. Nxe4 dxe4 12. Be3 Rb8 13. b3 c5 14. dxc5 Bxa1
15. Qxa1 f5 16. Rd1 Qe8 17. Qe5 Bb7 18. Bd4 Rf6 19. e3 Bc6 20. Bf1 h5 21. Qf4
Rd8 22. Rc1 Rf7 23. Bc4 e6 24. Qe5 Kh7 25. Qxe6 Qxe6 26. Bxe6 Rb7 27. h3 a5 28.
Kg2 a4 29. g4 f4 30. gxh5 gxh5 31. Kh2 axb3 32. axb3 fxe3 33. fxe3 Rf8 34. Rg1
Ra7 35. Rg5 Kh6 36. Rg2 Rf3 37. Be5 Re7 38. Bf4+ Rxf4 39. exf4 Rxe6 40. Re2 e3
41. Kg3 Bb5 42. Re1 e2 43. Kf3 Kg6 44. Kf2 Kf5 45. Rc1 Kxf4 46. h4 Kg4 47. c6
e1=Q+ 48. Rxe1 Rxe1 49. Kxe1 Bxc6 0-1

[Event "Euro Online U2300 Day 2"]
[Site "chess.com INT"]
[Date "2020.05.26"]
[Round "7"]
[White "Tsaruk, Maksim"]
[Black "Zverev, Lev"]
[Result "0-1"]
[WhiteTitle "FM"]
[BlackTitle "CM"]
[WhiteElo "2302"]
[BlackElo "2087"]
[WhiteFideId "13511173"]
[BlackFideId "24250775"]
[EventDate "2020.05.26"]

1. e4 c5 2. Nf3 d6 3. d4 cxd4 4. Nxd4 Nf6 5. Nc3 a6 6. g3 e6 7. Bg2 Be7 8. O-O
O-O 9. f4 Qc7 10. Kh1 Nc6 11. Nxc6 bxc6 12. b3 d5 13. Bb2 Bb7 14. Qe2 Rfe8 15.
Rad1 a5 16. Rfe1 Ba6 17. Qf3 Rad8 18. e5 Nd7 19. Ne2 Nc5 20. g4 Ne4 21. Ng3
Nxg3+ 22. hxg3 c5 23. g5 Bb7 24. Kg1 Ba8 25. Re2 d4 26. Qd3 Bxg2 27. Rxg2 Rb8
28. Rh2 g6 29. g4 Bf8 30. Qh3 Bg7 31. Qxh7+ Kf8 32. Ba3 a4 33. Qh3 axb3 34. axb3
Qa5 35. b4 cxb4 36. Bb2 Red8 37. Rhd2 Rd5 38. Bxd4 Rbd8 39. Qe3 Qb5 40. Bc5+ Kg8
41. Rxd5 Rxd5 42. Rxd5 exd5 43. e6 fxe6 44. Qxe6+ Kh7 45. Qxd5 Qe2 46. Qg2 Qc4
47. Be3 Qc3 48. Qf2 Qa1+ 49. Kg2 Qa8+ 50. Kg3 Qe4 51. Bc5 Bc3 52. Be3 Kg8 53.
Qe2 Kh7 54. Qf3 Qxc2 55. f5 Be5+ 56. Bf4 Bxf4+ 57. Kxf4 Qc7+ 58. Ke4 Qc6+ 59.
Ke3 Qxf3+ 60. Kxf3 b3 0-1

[Event "Euro Online U2300 Day 2"]
[Site "chess.com INT"]
[Date "2020.05.26"]
[Round "7"]
[White "Risteski, Emil"]
[Black "Pham, Khoi"]
[Result "0-1"]
[WhiteElo "2159"]
[BlackElo "2048"]
[WhiteFideId "15005267"]
[BlackFideId "1054988"]
[EventDate "2020.05.26"]

1. e4 c5 2. Nf3 d6 3. Bb5+ Nd7 4. d4 cxd4 5. Qxd4 Nf6 6. Nc3 a6 7. Bxd7+ Bxd7 8.
Bg5 e6 9. Rd1 h6 10. Bh4 e5 11. Qd3 g5 12. Bg3 Rc8 13. Nd2 Qc7 14. Nf1 Qb6 15.
Ne3 Qxb2 16. Ncd5 Nxd5 17. Nxd5 Bb5 18. Qb3 Qxc2 19. Qxc2 Rxc2 20. Rd2 Rc1+ 21.
Rd1 Rxd1+ 22. Kxd1 h5 23. f3 Bh6 24. a3 Kd7 25. Bf2 g4 26. fxg4 hxg4 27. Nf6+
Ke6 28. Nxg4 Bg5 29. h4 Bd8 30. Kd2 Ba5+ 31. Ke3 f5 32. exf5+ Kxf5 33. Nh2 Bb6+
34. Kf3 e4+ 35. Kg3 Rg8+ 36. Kh3 Bxf2 37. g4+ Kf4 38. a4 Bd3 39. Rc1 e3 40. Rc7
e2 41. Rf7+ Ke3 42. Re7+ Be4 0-1

[Event "Euro Online U2300 Day 2"]
[Site "chess.com INT"]
[Date "2020.05.26"]
[Round "7"]
[White "Yeke, Serkan"]
[Black "Yelisieiev, Yevhenii"]
[Result "0-1"]
[WhiteTitle "FM"]
[BlackTitle "IM"]
[WhiteElo "2099"]
[BlackElo "2407"]
[WhiteFideId "6301142"]
[BlackFideId "14139642"]
[EventDate "2020.05.26"]

1. Nf3 d5 2. d4 Nf6 3. c4 e6 4. Nc3 Bb4 5. cxd5 exd5 6. Bg5 Qd6 7. Rc1 Ne4 8.
Bd2 Nxd2 9. Qxd2 c6 10. a3 Ba5 11. e3 O-O 12. Bd3 Nd7 13. h4 Nf6 14. b4 Bd8 15.
Ne5 Ng4 16. Nxg4 Bxg4 17. f3 Bd7 18. Kf2 Re8 19. g4 a5 20. Rb1 axb4 21. axb4 Bc7
22. Ne2 Ra3 23. Nf4 Qe7 24. g5 Ra2 25. Qxa2 Qxe3+ 26. Kg2 Qxf4 27. Qf2 Re3 28.
Rbd1 g6 29. Bb1 Bg4 30. Rd3 Bxf3+ 0-1

[Event "Euro Online U2300 Day 2"]
[Site "chess.com INT"]
[Date "2020.05.26"]
[Round "7"]
[White "Hasanagic, Anel"]
[Black "Vashchilov, Sergey"]
[Result "1-0"]
[WhiteTitle "CM"]
[WhiteElo "2235"]
[BlackElo "2176"]
[WhiteFideId "14605791"]
[BlackFideId "13506676"]
[EventDate "2020.05.26"]

1. e4 e6 2. Nc3 c5 3. g3 Nc6 4. Bg2 g6 5. f4 Bg7 6. Nf3 Nge7 7. O-O d5 8. e5 a6
9. d3 b5 10. Ne2 O-O 11. Be3 d4 12. Bf2 Bb7 13. c4 Qc7 14. b3 Rad8 15. a3 b4 16.
a4 Na5 17. Qc2 Nf5 18. Rae1 Bc6 19. g4 Qb7 20. gxf5 Bxf3 21. Bxf3 Qxf3 22. f6
Bh6 23. Bg3 Qg4 24. Kg2 Kh8 25. h3 Qh5 26. h4 Rg8 27. Rb1 g5 28. hxg5 Bxg5 29.
fxg5 Rxg5 30. Rh1 Qg6 31. Rh3 Rg8 32. Rbh1 h5 33. Kf2 Qf5+ 34. Ke1 R8g6 35. Bf4
Kg8 36. Bxg5 Rxg5 37. Qd2 Rg2 38. Rxh5 Qf2+ 39. Kd1 1-0

[Event "Euro Online U2300 Day 2"]
[Site "chess.com INT"]
[Date "2020.05.26"]
[Round "7"]
[White "Ghukasyan, Siranush"]
[Black "Jafarli, Babak"]
[Result "1/2-1/2"]
[WhiteTitle "WIM"]
[WhiteElo "2222"]
[BlackElo "2020"]
[WhiteFideId "13300946"]
[BlackFideId "13406019"]
[EventDate "2020.05.26"]

1. e4 c5 2. Nf3 Nc6 3. Bb5 g6 4. Bxc6 dxc6 5. d3 Bg7 6. h3 Nf6 7. Nc3 Nd7 8. Bf4
e5 9. Be3 h6 10. Qd2 Qe7 11. O-O g5 12. Ne2 Nf6 13. Qc3 b6 14. Qxe5 Qxe5 15.
Nxe5 Nxe4 16. Nxc6 Nd6 17. d4 Nc4 18. dxc5 Nxe3 19. fxe3 bxc5 20. c3 Bd7 21. Na5
Rb8 22. Nb3 c4 23. Nc5 Rxb2 24. Nd4 Bc8 25. Rfb1 Rxb1+ 26. Rxb1 O-O 27. Rb4 Re8
28. Kf2 g4 29. hxg4 Bxg4 30. Rxc4 Rc8 31. Ndb3 h5 32. Ra4 Bxc3 33. Rxa7 Kg7 34.
Ne4 Be5 35. Nec5 Bd6 36. Ra5 h4 37. e4 Bd1 38. Ke3 Bxb3 39. Nxb3 Rc2 40. Nd4
Rc3+ 41. Kd2 Rc4 42. Nf5+ Kg8 43. Nxd6 Rd4+ 44. Ke3 Rxd6 45. Rg5+ Kh7 46. a4 Kh6
47. Rf5 Rg6 48. Kf2 Kg7 49. a5 Rc6 50. Kf3 Rc2 51. Rd5 Ra2 52. Kg4 Rxg2+ 53.
Kxh4 Kf6 54. Kh3 Re2 55. e5+ Kf5 56. Rb5 Ra2 57. Kg3 Ra3+ 58. Kf2 Kf4 59. Ke2
Ke4 60. Kd2 Kd4 61. Kc2 Kc4 62. Rb7 Rxa5 63. Rxf7 Rxe5 64. Rf4+ 1/2-1/2

[Event "Euro Online U2300 Day 2"]
[Site "chess.com INT"]
[Date "2020.05.26"]
[Round "7"]
[White "Ivanisvili, Andrejs"]
[Black "Upero, Jussi"]
[Result "0-1"]
[WhiteElo "2233"]
[BlackElo "2176"]
[WhiteFideId "11601485"]
[BlackFideId "504491"]
[EventDate "2020.05.26"]

1. d4 d5 2. Nf3 e6 3. c4 c6 4. Nc3 dxc4 5. e3 b5 6. a4 Bb4 7. Bd2 a5 8. axb5
Bxc3 9. Bxc3 cxb5 10. b3 Bb7 11. bxc4 b4 12. Bd2 Nf6 13. Be2 O-O 14. O-O Nbd7
15. Qb3 e5 16. Rfd1 exd4 17. exd4 Re8 18. Bf1 Ne4 19. Be1 Ra6 20. c5 Rg6 21. Rd3
Qf6 22. Rxa5 Nc3 23. Bxc3 Bxf3 24. Bxb4 Be4 25. Rd1 Qg5 26. Qh3 Nf6 27. Bd2 Qd5
28. Be3 Bf5 29. Bc4 Bxh3 30. Bxd5 Nxd5 31. g3 Rge6 32. Rd3 f5 33. Raa3 f4 34.
Bd2 Re1+ 35. Bxe1 Rxe1# 0-1

[Event "Euro Online U2300 Day 2"]
[Site "chess.com INT"]
[Date "2020.05.26"]
[Round "7"]
[White "Ivic, Velimir"]
[Black "Podetti, Davide"]
[Result "0-1"]
[WhiteTitle "GM"]
[WhiteElo "2548"]
[BlackElo "2173"]
[WhiteFideId "950122"]
[BlackFideId "893617"]
[EventDate "2020.05.26"]

1. e4 e5 2. Nf3 Nc6 3. Bb5 a6 4. Ba4 Nf6 5. O-O b5 6. Bb3 Bc5 7. a4 Rb8 8. c3 d6
9. d4 Bb6 10. a5 Ba7 11. dxe5 Nxe5 12. Nxe5 dxe5 13. Qe2 O-O 14. Bg5 Qe7 15. Nd2
Be6 16. Be3 c5 17. Bxe6 Qxe6 18. f3 Qe7 19. Qf2 Rb7 20. Rfd1 Rd7 21. Nb3 c4 22.
Rxd7 Qxd7 23. Bxa7 cxb3 24. Bb6 h6 25. Qe1 Qc6 26. Rd1 Nd7 27. Bf2 Nc5 28. Rd5
Na4 29. Qa1 Rc8 30. Qa3 Qc4 31. h3 Qe2 32. Qxb3 Qxb2 33. Qxb2 Nxb2 34. Rxe5 Nd3
35. Re7 Nxf2 36. Kxf2 Rxc3 37. Ra7 Rc6 38. Kg3 g6 39. Rb7 Rc4 40. Rb6 Ra4 41.
Rxa6 b4 42. Rb6 b3 43. Rxb3 Rxa5 44. Rb7 Kg7 45. Kf4 Rc5 46. g4 g5+ 47. Kg3 Rb5
48. h4 Rxb7 0-1

[Event "Euro Online U2300 Day 2"]
[Site "chess.com INT"]
[Date "2020.05.26"]
[Round "7"]
[White "Tevzadze, Mariam"]
[Black "Labiano Hernandez, Juan"]
[Result "0-1"]
[WhiteElo "1834"]
[BlackElo "2158"]
[WhiteFideId "13605470"]
[BlackFideId "24556840"]
[EventDate "2020.05.26"]

1. d4 Nf6 2. Nf3 c5 3. c3 d5 4. Bf4 Nc6 5. e3 Qb6 6. Qb3 c4 7. Qxb6 axb6 8. Na3
Rxa3 9. bxa3 b5 10. Ne5 Bf5 11. Nxc6 bxc6 12. f3 e6 13. a4 b4 14. g4 Bg6 15. Kf2
bxc3 16. Be2 Ba3 17. e4 Bb2 18. Rac1 O-O 19. h4 h5 20. gxh5 Nxh5 21. Bd6 Ra8 22.
Ke3 Bxc1+ 23. Rxc1 Rxa4 24. a3 Nf6 25. e5 Ne8 26. Bb4 c2 27. h5 Bf5 28. Rg1 Nc7
29. h6 g6 30. Be7 Kh7 31. Ra1 Nb5 32. Bc5 g5 33. Kd2 c3+ 34. Ke3 Nxa3 35. Bxa3
Rxa3 36. Rc1 Kxh6 37. Bd3 Kg6 38. Rxc2 Bxd3 39. Kxd3 Kf5 40. Rh2 c2+ 41. Kxc2
Ra2+ 0-1

[Event "Euro Online U2300 Day 2"]
[Site "chess.com INT"]
[Date "2020.05.26"]
[Round "7"]
[White "Grebnev, Aleksey"]
[Black "Luczak, Filip"]
[Result "1-0"]
[BlackTitle "CM"]
[WhiteElo "2223"]
[BlackElo "2240"]
[WhiteFideId "34189030"]
[BlackFideId "1193686"]
[EventDate "2020.05.26"]

1. c4 Nf6 2. Nc3 g6 3. g3 Bg7 4. Bg2 O-O 5. Nf3 d6 6. O-O Nc6 7. d4 Bg4 8. e4 e5
9. d5 Nd4 10. Be3 Nd7 11. Rc1 f5 12. exf5 Rxf5 13. Nxd4 Bxd1 14. Ne6 Qe7 15.
Rcxd1 Nf8 16. Nxf8 Raxf8 17. Ne4 h5 18. c5 g5 19. cxd6 cxd6 20. Bxa7 Ra8 21. Bb6
Rxa2 22. Rc1 Rxb2 23. Rc7 Qf8 24. Be3 Rf7 25. Rc3 Bf6 26. Rfc1 Qe7 27. Ba7 Rb4
28. Bb8 Rxe4 29. Bxe4 Kg7 30. Rc8 Qd7 31. R8c7 Qa4 32. Rxf7+ Kxf7 33. Bf5 Be7
34. Be6+ Kf6 35. Rb1 b5 36. Bd7 Qa8 37. Rxb5 e4 38. Bc6 Qa1+ 39. Kg2 Qd1 40. Ba7
Ke5 41. Be3 Qf3+ 42. Kg1 h4 43. Bd7 Qd1+ 44. Kg2 Qf3+ 45. Kg1 Qe2 46. Rb8 Kxd5
47. Rb5+ Kc4 48. Rb1 d5 49. Bb5+ 1-0

[Event "Euro Online U2300 Day 2"]
[Site "chess.com INT"]
[Date "2020.05.26"]
[Round "7"]
[White "Sernecki, Franciszek"]
[Black "Terbe, Julianna"]
[Result "1/2-1/2"]
[WhiteTitle "FM"]
[BlackTitle "WIM"]
[WhiteElo "2243"]
[BlackElo "2273"]
[WhiteFideId "1169297"]
[BlackFideId "708780"]
[EventDate "2020.05.26"]

1. d4 d5 2. c4 c6 3. Nc3 dxc4 4. a4 e5 5. e3 exd4 6. exd4 Be6 7. Nf3 Bb4 8. Be2
Nd7 9. O-O Ngf6 10. Bf4 O-O 11. Ne5 Nb6 12. Bg5 a5 13. Rc1 Be7 14. Re1 h6 15.
Bh4 Nfd5 16. Bxe7 Nxe7 17. Ne4 Nf5 18. Bxc4 Nxc4 19. Nxc4 Qxd4 20. Qc2 Bxc4 21.
Qxc4 Qxc4 22. Rxc4 Rfe8 23. Kf1 Kf8 24. g4 Nh4 25. Nd6 Rxe1+ 26. Kxe1 Rb8 27.
Rc5 Ke7 28. Nc4 Nf3+ 29. Ke2 Nd4+ 30. Kd3 Rd8 31. Ke3 Nc2+ 32. Ke2 Nd4+ 33. Ke3 1/2-1/2

[Event "Euro Online U2300 Day 2"]
[Site "chess.com INT"]
[Date "2020.05.26"]
[Round "7"]
[White "Pankratov, Oleg"]
[Black "Hadzimanolis, Antonios"]
[Result "1-0"]
[BlackTitle "FM"]
[WhiteElo "2104"]
[BlackElo "2214"]
[WhiteFideId "24115290"]
[BlackFideId "4202813"]
[EventDate "2020.05.26"]

1. Nf3 Nf6 2. g3 g6 3. Bg2 Bg7 4. O-O O-O 5. c4 d6 6. d4 Nbd7 7. Nc3 e5 8. e4
Re8 9. Re1 c6 10. Be3 Ng4 11. Bg5 Qb6 12. Na4 Qc7 13. h3 Ngf6 14. d5 h6 15. Bd2
c5 16. b4 b6 17. bxc5 Nxc5 18. Nxc5 dxc5 19. Bc3 Qd6 20. a4 Bd7 21. Qe2 Rab8 22.
Qb2 Nh7 23. Nh4 g5 24. Nf5 Bxf5 25. exf5 Bf6 26. Be4 Nf8 27. a5 Nd7 28. axb6
axb6 29. Qb5 Bd8 30. Ra7 Nf6 31. Bg2 Bc7 32. Qc6 Qxc6 33. dxc6 Rbc8 34. f4 exf4
35. Rxe8+ Nxe8 36. gxf4 Bxf4 37. Rd7 Kf8 38. Bd5 Rc7 39. Bxf7 Rxc6 40. Be6 Rc7
41. Rd8 Ke7 42. Rb8 Rc6 43. Rb7+ Bc7 44. Kg2 Nd6 45. Ra7 Ne4 46. Bg7 h5 47. Bd5 1-0

[Event "Euro Online U2300 Day 2"]
[Site "chess.com INT"]
[Date "2020.05.26"]
[Round "7"]
[White "Skalsky, Alexandr"]
[Black "Petrova, Irina"]
[Result "1/2-1/2"]
[BlackTitle "WIM"]
[WhiteElo "2251"]
[BlackElo "2087"]
[WhiteFideId "381799"]
[BlackFideId "14124122"]
[EventDate "2020.05.26"]

1. e4 d6 2. d4 Nf6 3. Nc3 e5 4. Nf3 Nbd7 5. g4 g6 6. g5 Nh5 7. Be3 c6 8. Qd2 Bg7
9. O-O-O b5 10. dxe5 dxe5 11. Bc5 Qa5 12. Nxb5 Qxd2+ 13. Rxd2 Nxc5 14. Nc7+ Ke7
15. Nxa8 Bg4 16. Ne1 Rxa8 17. f3 Be6 18. Nd3 Nxd3+ 19. Bxd3 Nf4 20. h4 Rd8 21.
Ba6 Rxd2 22. Kxd2 h5 23. a4 f6 24. b4 fxg5 25. hxg5 Nh3 26. c4 Nxg5 27. Ke2 h4
28. Rxh4 Bh3 29. c5 Bg2 30. f4 exf4 31. Rxf4 Bxe4 32. b5 cxb5 33. axb5 Be5 34.
Rf1 Ne6 35. c6 Nc5 36. Rc1 Nxa6 37. bxa6 Bc7 38. Ke3 Bd5 39. Kd4 Kd6 40. Rf1
Bxc6 41. Rf6+ Kd7 42. Rxg6 Bb6+ 43. Kc4 Kc7 44. Rg7+ Kc8 45. Rg8+ Kc7 46. Rg7+
Bd7 47. Rh7 Be3 48. Rg7 Bf4 49. Rf7 Bg3 50. Rg7 Be5 51. Rh7 Kc6 52. Rh6+ Bd6 53.
Rg6 Bc8 54. Rg7 Bxa6+ 55. Kd4 Bc5+ 56. Kc3 Bb6 57. Rg6+ Kb5 58. Rg5+ Bc5 59.
Rxc5+ Kxc5 60. Kb2 Kb4 61. Ka1 Ka3 62. Kb1 Bd3+ 63. Ka1 Be4 1/2-1/2

[Event "Euro Online U2300 Day 2"]
[Site "chess.com INT"]
[Date "2020.05.26"]
[Round "7"]
[White "Dornbusch, Tatiana"]
[Black "Kanyamarala, Tarun"]
[Result "1-0"]
[WhiteTitle "WGM"]
[BlackTitle "FM"]
[WhiteElo "2268"]
[BlackElo "2381"]
[WhiteFideId "14107449"]
[BlackFideId "45004714"]
[EventDate "2020.05.26"]

1. d4 f5 2. g3 Nf6 3. Bg2 g6 4. c3 Bg7 5. Nh3 O-O 6. Qb3+ d5 7. O-O Na6 8. Nf4
e6 9. Nd3 Ne4 10. Nd2 c5 11. Nxe4 c4 12. Qd1 fxe4 13. Ne5 Nb8 14. f3 exf3 15.
Nxf3 Nc6 16. Bg5 Qb6 17. Qd2 e5 18. Kh1 e4 19. Nh4 Bg4 20. h3 Be6 21. Bh6 Qd8
22. Bg5 Qd7 23. Kh2 b5 24. Rxf8+ Rxf8 25. Rf1 Rxf1 26. Bxf1 b4 27. Qf4 Bf8 28.
Bh6 Bd6 29. Qf6 Qf7 30. Qxf7+ Kxf7 31. Ng2 bxc3 32. bxc3 Ba3 33. Bd2 a6 34. h4
Na7 35. Nf4 Ke7 36. Bh3 Bxh3 37. Kxh3 Kd6 38. Kg4 Nb5 39. e3 Bb2 40. Ne2 Ke6 41.
Kg5 Kf7 42. Kh6 Kg8 43. h5 gxh5 44. Kxh5 Ba3 45. Kg5 Nc7 46. Kf6 Kf8 47. Ke5 Ke7
48. Nf4 Bd6+ 49. Kf5 Kf7 50. Nh5 Ne8 51. Be1 Bc7 52. g4 Bh2 53. Bg3 Nd6+ 54. Ke5
Bxg3+ 55. Nxg3 Nb5 56. Kxd5 Nxc3+ 57. Kxc4 Nxa2 58. Nxe4 Nc1 59. Ng3 Ne2 60.
Nxe2 1-0